Dans quel pays se trouve... - Statistiques

Statistiques générales
  • Ce quiz a été pris 210 fois
  • Le résultat moyen est 9 sur 15
Statistiques - réponses
Par images Réponse % Correct
Égypte
94%
Chine
92%
Perou
88%
Mexique
76%
Japon
75%
Australie
74%
Allemagne
70%
Canada
63%
Islande
61%
Chili
58%
Tanzanie
57%
Vietnam
21%
Philippines
12%
Israël
9%
Pologne
6%
Aucun quiz correspondant
Distribution des résultats
% des personnes avec chaque résultat
Percentile par nombre de réponses
Votre historique - résultats
Vous n’avez pas pris ce quiz